Estatísticas para Países com bandeira verde

Clique aqui para jogar o quiz

Estatísticas Gerais

  • Esse quiz foi jogado 43 vezes
  • A pontuação média é 10 de 11

Estatísticas das Respostas

Resposta% Correto
Arábia Saudita
100%
Brasil
100%
Nigéria
95%
Paquistão
95%
Bangladesh
93%
Guiana
90%
Turquemenistão
88%
Zâmbia
85%
Dominica
76%
Mauritânia
76%
São Tomé e Príncipe
66%

Distribuição das Pontuações

Percentil de Números Respondidos

Porcentagem de Pessoas com Cada Pontuação

Sua Pontuação Histórica

Você não jogou esse quiz